[Event "British Chess Championships 2023: AM Tournament Open"]
[Site "De Montfort University, 20 Western Boulevard, Leicester, LE2 7BU"]
[Date "2023.07.26"]
[Round "3"]
[Board "10"]
[White "Gilmore, Simon N"]
[Black "Lee, Alexandre Km"]
[Result "0-1"]
[WhiteElo "2121"]
[BlackElo "1693"]
[PlyCount "0"]
[EventDate "2023.07.24"]
[EventRounds "6"]
[EventCountry "ENG"]

1. e4 e6 2. d4 d5 3. Nc3 Bb4 4. e5 c5 5. a3 Ba5 6. f4 cxd4 7. Qxd4 Nc6 8. Bb5 Bd7
9. Bxc6 Bxc6 10. b4 Bb6 11. Qd3 a6 12. Nf3 Ne7 13. Nd4 Bxd4 14. Qxd4 Nf5 15. Qf2
d4 16. Nd1 Qd5 17. Rg1 Rc8 18. g4 Qe4+ 19. Qe2 Nh4 20. Kf2 Qxe2+ 21. Kxe2 Bb5+ 22.
Kf2 Rxc2+ 23. Kg3 Ng6 24. Rg2 Rxg2+ 25. Kxg2 Ke7 26. Bd2 Rc8 27. Rc1 Rxc1 28. Bxc1
Kd7 29. Kf3 Bc6+ 30. Ke2 Be4 31. Nf2 Bb1 32. Nd3 Kc6 33. Nc5 Ne7 34. Nb3 d3+ 35.
Ke3 Nd5+ 36. Kd4 Kb5 37. Nc5 b6 38. Nxd3 Ka4 39. f5 Kb3 40. fxe6 fxe6 41. Ne1 Nc7
42. Nd3 Nb5+ 43. Ke3 Bxd3 44. Kxd3 Nxa3 45. Bxa3 Kxa3 46. Kc3 g5 47. h3 h6 48. Kc4
Ka4  0-1

[Event "British Chess Championships 2023: AM Tournament Open"]
[Site "De Montfort University, 20 Western Boulevard, Leicester, LE2 7BU"]
[Date "2023.07.26"]
[Round "3"]
[Board "11"]
[White "Collinson, Mark I"]
[Black "Dayal, Samar"]
[Result "1/2-1/2"]
[WhiteElo "2034"]
[BlackElo "1433"]
[PlyCount "0"]
[EventDate "2023.07.24"]
[EventRounds "6"]
[EventCountry "ENG"]

1. d4 Nf6 2. c4 g6 3. g3 Bg7 4. Bg2 O-O 5. e4 d6 6. Nc3 e5 7. Nge2 Nc6 8. d5 Ne7
9. h3 Nd7 10. Be3 f5 11. Qd2 Nf6 12. O-O fxe4 13. g4 h5 14. g5 Nh7 15. Nxe4 Nf5 16.
N2c3 Nxe3 17. Qxe3 Rf4 18. Ne2 Nxg5 19. Nxf4 exf4 20. Qxf4 Nxh3+ 21. Bxh3 Bxh3 22.
Ng5 Bxf1 23. Qf7+ Kh8 24. Qxg6 Bd3 25. Qxh5+ Kg8 26. Qf7+ Kh8 27. Qh5+ Kg8  1/2-1/2

[Event "British Chess Championships 2023: AM Tournament Open"]
[Site "De Montfort University, 20 Western Boulevard, Leicester, LE2 7BU"]
[Date "2023.07.26"]
[Round "3"]
[Board "12"]
[White "Verbytski, Oleg"]
[Black "Patel, Zain"]
[Result "1/2-1/2"]
[WhiteElo "1886"]
[BlackElo "1910"]
[PlyCount "0"]
[EventDate "2023.07.24"]
[EventRounds "6"]
[EventCountry "ENG"]

1. e4 e5 2. Nf3 Nc6 3. Nc3 Nf6 4. d4 exd4 5. Nxd4 Bb4 6. Nxc6 bxc6 7. Bd3 d5 8. exd5
cxd5 9. O-O O-O 10. Bg5 Bb7 11. Qf3 Be7 12. Ne2 Ne4 13. Bxe7 Qxe7 14. Rfe1 Rae8 15.
Ng3 f5 16. Bxe4 fxe4 17. Qb3 c5 18. h3 Qf7 19. Kh2 d4 20. Qxf7+ Rxf7 21. Re2 e3 22.
fxe3 Ba6 23. c4 dxc3 24. Rc2 cxb2 25. Rxb2 Rxe3 26. Rd1 c4 27. Rd6 Rf6 28. Rb8+ Kf7
29. Rd7+ Re7 30. Rxe7+ Kxe7 31. Ne4 Rc6 32. Ra8 Rc7 33. Nc3 Kd6 34. Kg3 Kc5 35. Rd8
Bb7 36. a3 Bc6 37. Kf4 Bxg2 38. Na4+ Kc6 39. h4 Rd7 40. Rc8+ Kd5 41. Ke3 Re7+ 42.
Kd2 Rf7 43. Nc3+ Ke5 44. Rxc4 Kf5 45. Ke3 Re7+ 46. Kf2 Bb7 47. Nb5 Bd5 48. Rc5 Ke4
49. Rc1 Rf7+ 50. Kg3 Rf3+ 51. Kh2 Kf4 52. Rc5 Be4 53. Nd6 Rxa3 54. Nxe4 Kxe4 55.
Rc7 g6 56. Rxh7 Kf5 57. h5 Ra2+ 58. Kg3 gxh5 59. Rxh5+ Ke4 60. Rh8 a5 61. Re8+ Kd3
62. Kf3 Ra4 63. Ra8 Kc3 64. Ke3 Kb4 65. Kd2 Kb3 66. Kc1 Ra1+ 67. Kd2 a4 68. Rb8+
Ka2 69. Kc2 a3 70. Rb7 Rh1 71. Rb8 Ka1 72. Ra8 Rh2+ 73. Kb3 Rb2+ 74. Kc3 a2 75. Rh8
Rb1 76. Rh2 Rg1 77. Kb3 Rg3+ 78. Kc2 Rg1 79. Kb3 Kb1 80. Rb2+ Kc1 81. Kxa2 Rg6 82.
Rh2 Rd6 83. Kb3  1/2-1/2

[Event "British Chess Championships 2023: AM Tournament Open"]
[Site "De Montfort University, 20 Western Boulevard, Leicester, LE2 7BU"]
[Date "2023.07.26"]
[Round "3"]
[Board "13"]
[White "Kirupakaran, Vishnu"]
[Black "Gordon, Sean"]
[Result "0-1"]
[WhiteElo "1881"]
[BlackElo "1999"]
[PlyCount "0"]
[EventDate "2023.07.24"]
[EventRounds "6"]
[EventCountry "ENG"]

1. e4 c5 2. Nf3 d6 3. d4 cxd4 4. Nxd4 Nf6 5. Nc3 Nc6 6. f3 e5 7. Nb3 Be6 8. Be3 d5
9. exd5 Nxd5 10. Nxd5 Qxd5 11. Qxd5 Bxd5 12. O-O-O O-O-O 13. Bb5 a6 14. Bxc6 Bxc6
15. Rxd8+ Kxd8 16. Bb6+ Kd7 17. Rd1+ Ke6 18. Rd8 g6 19. Be3 Bg7 20. Rxh8 Bxh8 21.
Na5 h5 22. Nxc6 bxc6 23. c4 f5 24. b4 Bf6 25. Kc2 g5 26. a4 Bd8 27. a5 Kd7 28. Bb6
Bxb6 29. axb6 c5 30. bxc5 Kc6 31. Kb3 e4 32. fxe4 fxe4 33. Ka4 e3 34. Ka5 e2 35.
Kxa6 e1=Q 36. Ka7 Qa1+  0-1

[Event "British Chess Championships 2023: AM Tournament Open"]
[Site "De Montfort University, 20 Western Boulevard, Leicester, LE2 7BU"]
[Date "2023.07.26"]
[Round "3"]
[Board "15"]
[White "Davis, Timothy J"]
[Black "Brown, Tom"]
[Result "1/2-1/2"]
[WhiteElo "1989"]
[BlackElo "2017"]
[PlyCount "0"]
[EventDate "2023.07.24"]
[EventRounds "6"]
[EventCountry "ENG"]

1. e4 c6 2. d4 d5 3. e5 Bf5 4. h4 h5 5. c4 dxc4 6. Bxc4 e6 7. Nc3 Nd7 8. Be3 Nb6
9. Bb3 Ne7 10. Nge2 Ned5 11. Bg5 Be7 12. Bxe7 Qxe7 13. Ng3 Nxc3 14. bxc3 Bg6 15.
Qf3 c5 16. dxc5 Qxc5 17. O-O Qe7 18. c4 O-O 19. Nxh5 Qxh4 20. Nf4 Bf5 21. g3 Qe7
22. Kg2 Qc7 23. Rae1 Qc6 24. Qxc6 bxc6 25. Rd1 Rfd8 26. Rd6 Rxd6 27. exd6 Nd7 28.
Rd1 Nc5 29. Ne2 e5 30. Nc3 Nb7 31. Ba4 Bd7 32. Nd5 cxd5 33. Bxd7 Nxd6 34. Bc6 Rb8
35. Bxd5 Rc8 36. Rc1 Rc5 37. Kf3 Kf8 38. Ke2 Ke7 39. Kd3 Nc8 40. Rc3 Nb6  1/2-1/2

[Event "British Chess Championships 2023: AM Tournament Open"]
[Site "De Montfort University, 20 Western Boulevard, Leicester, LE2 7BU"]
[Date "2023.07.26"]
[Round "3"]
[Board "16"]
[White "Graham, Cassie M"]
[Black "Orgler, Lukas H"]
[Result "1-0"]
[WhiteElo "2008"]
[BlackElo "1594"]
[PlyCount "0"]
[EventDate "2023.07.24"]
[EventRounds "6"]
[EventCountry "ENG"]

1. e4 e5 2. Nf3 Nf6 3. Nxe5 d6 4. Nf3 Nxe4 5. Nc3 Nxc3 6. dxc3 Be7 7. Be3 Be6 8.
Qd2 Nd7 9. Nd4 Nf6 10. Nxe6 fxe6 11. f3 Qd7 12. Bd3 a6 13. O-O-O Nd5 14. Bg5 O-O-O
15. Rhe1 h6 16. Bxe7 Nxe7 17. Qe2 e5 18. Bxa6 Qa4 19. Bc4 Ng6 20. Qe4 Qe8 21. Qf5+
Kb8 22. Bf7 Ne7 23. Qe6 Qf8 24. Qb3 Nc8 25. Re4 Qe7 26. Bd5 Nb6 27. Rb4 Rhf8 28.
a4 Rf4 29. Be4 Qg5 30. Kb1 d5 31. Rxb6 cxb6 32. Qxb6 Rxe4 33. fxe4 d4 34. cxd4 exd4
35. g3 Qf6 36. Qxf6 gxf6 37. Rd3  1-0

[Event "British Chess Championships 2023: AM Tournament Open"]
[Site "De Montfort University, 20 Western Boulevard, Leicester, LE2 7BU"]
[Date "2023.07.26"]
[Round "3"]
[Board "17"]
[White "Freeman, Ashley"]
[Black "Orgler, Philipp"]
[Result "1-0"]
[WhiteElo "1971"]
[BlackElo "2110"]
[PlyCount "0"]
[EventDate "2023.07.24"]
[EventRounds "6"]
[EventCountry "ENG"]

1. e4 e6 2. d4 d5 3. Nc3 Nc6 4. e5 f6 5. Bb5 Bd7 6. Nf3 Qe7 7. O-O Qf7 8. a3 Nge7
9. Re1 O-O-O 10. b4 Ng6 11. Qe2 Re8 12. Bd2 h6 13. Na4 Nxd4 14. Nxd4 fxe5 15. Nb3
Bxb5 16. Qxb5 c6 17. Qe2 b6 18. c4 Kb7 19. Rac1 Bd6 20. c5 Bc7 21. cxb6 axb6 22.
Nac5+ Kb8 23. Na6+ Kb7 24. Rxc6 Kxc6 25. Rc1+ Kd6 26. Rxc7 Re7 27. Rc1 Rb7 28. b5
Rd8 29. Bb4+ Kd7 30. Qc2 Ra8 31. Qc6+ Kd8 32. Bd6 Qd7 33. Bc7+ Rxc7 34. Qxa8+ Rc8
35. Rxc8+ Qxc8 36. Qxc8+ Kxc8 37. g3 Ne7 38. Kf1 Nf5 39. Ke2 Nd6 40. a4 Nc4 41. Nb4
Kd7 42. Nc6 Kd6 43. f3 g6 44. Nd8 Ke7 45. Nc6+ Kd6 46. Nb4 Nb2 47. a5 bxa5 48. Nxa5
Kc5 49. Nd3+ Nxd3 50. Kxd3 Kxb5 51. Nb7 Kc6 52. Nd8+ Kd7 53. Nf7 Ke7 54. Nxe5 Kf6
55. Kd4 h5 56. Nd3 g5 57. g4 h4 58. h3  1-0

[Event "British Chess Championships 2023: AM Tournament Open"]
[Site "De Montfort University, 20 Western Boulevard, Leicester, LE2 7BU"]
[Date "2023.07.26"]
[Round "3"]
[Board "18"]
[White "Staniland, Philip"]
[Black "Jukes, Sam"]
[Result "1/2-1/2"]
[WhiteElo "1908"]
[BlackElo "1977"]
[PlyCount "0"]
[EventDate "2023.07.24"]
[EventRounds "6"]
[EventCountry "ENG"]

1. d4 Nf6 2. Nc3 d5 3. Bf4 e6 4. e3 c5 5. Nb5 Na6 6. c3 Be7 7. Nf3 O-O 8. h3 Bd7
9. Ne5 c4 10. Nxd7 Qxd7 11. a4 Ne4 12. Be2 Bh4 13. O-O f5 14. g3 Be7 15. f3 Ng5 16.
Kg2 Nf7 17. h4 Rae8 18. Qd2 b6 19. Rfe1 Nb8 20. e4 dxe4 21. fxe4 e5 22. dxe5 Qxd2
23. Bxd2 Nxe5 24. exf5 Rxf5 25. Bf4 Nbc6 26. Nc7 Rd8 27. Bxe5 Nxe5 28. Bxc4+ Nxc4
29. Rxe7 Rd2+ 30. Kh3 h5 31. Ne6 Rff2 32. Rh1  1/2-1/2

[Event "British Chess Championships 2023: AM Tournament Open"]
[Site "De Montfort University, 20 Western Boulevard, Leicester, LE2 7BU"]
[Date "2023.07.27"]
[Round "4"]
[Board "1"]
[White "Banerjee, Supratit"]
[Black "Clarke, Brandon Gi"]
[Result "0-1"]
[WhiteElo "2059"]
[BlackElo "2577"]
[PlyCount "0"]
[EventDate "2023.07.24"]
[EventRounds "6"]
[EventCountry "ENG"]

1. d4 Nf6 2. Nf3 g6 3. c4 Bg7 4. Nc3 O-O 5. g3 c5 6. Bg2 cxd4 7. Nxd4 Qc7 8. b3 d5
9. Bb2 dxc4 10. O-O Rd8 11. Qc2 cxb3 12. Qxb3 Nc6 13. Ncb5 Qb6 14. Nxc6 bxc6 15.
Nd4 Bd7 16. Qxb6 axb6 17. Nxc6 Bxc6 18. Bxc6 Ra5 19. Bf3 Ne8 20. Bxg7 Kxg7 21. Rab1
b5 22. Rb2 Rc8 23. Rfb1 Nd6 24. Kg2 Rc5 25. h4 f5 26. Kg1 Kf6 27. e3 h6 28. Re1 Ke5
29. Bg2 Ra3 30. Rd2 Rac3 31. Rd4 Rc1 32. Rd5+ Ke6 33. Red1 R5c2 34. R5d4 Ke5 35.
Rd5+ Kf6 36. a3 Rc3 37. Rxc1 Rxc1+ 38. Bf1 Ne4 39. Rd4 e5 40. Rd5 g5 41. hxg5+ hxg5
42. Kg2 Rc2 43. Rxb5 Rxf2+ 44. Kg1 Rf3 45. Bg2 Rxg3 46. Rb6+ Ke7 47. a4 Rxe3 48.
a5 Nd6 49. a6 e4 50. Bf1 Ra3 51. Bb5 Nxb5 52. Rxb5 Ke6 53. Rb6+ Ke5 54. Rb5+ Kf4
55. Rb2 Rxa6 56. Rf2+ Ke5 57. Rb2 g4 58. Kf2 Kf4 59. Kg2 g3 60. Rc2 Kg4 61. Rc8 Ra2+
62. Kg1 Kf3 63. Rc3+ e3 64. Rc1 f4 65. Rf1+ Kg4 66. Rb1 f3 67. Rb4+ Kh3 68. Rb1 f2+
69. Kf1 g2#  0-1

[Event "British Chess Championships 2023: AM Tournament Open"]
[Site "De Montfort University, 20 Western Boulevard, Leicester, LE2 7BU"]
[Date "2023.07.27"]
[Round "4"]
[Board "2"]
[White "Verma, Shlok"]
[Black "Dicen, Elis Denele"]
[Result "1/2-1/2"]
[WhiteElo "2177"]
[BlackElo "2030"]
[PlyCount "0"]
[EventDate "2023.07.24"]
[EventRounds "6"]
[EventCountry "ENG"]

1. d4 d5 2. c4 e6 3. Nf3 Nf6 4. Nc3 a6 5. Bg5 dxc4 6. a4 Nc6 7. e3 Na5 8. Nd2 c5
9. dxc5 Bxc5 10. Nxc4 Qxd1+ 11. Rxd1 Nxc4 12. Bxc4 Bd7 13. O-O Bc6 14. Bf4 Ke7 15.
Bb3 Rhd8 16. Ne2 Rxd1 17. Rxd1 Rd8 18. Nd4 Bxd4 19. Rxd4 Rxd4 20. exd4 Bd5 21. Bc2
Be4 22. Bd1 Nd5 23. Bd2 Kd6 24. f3 Bg6 25. Kf2 f6 26. Ke2 Bb1 27. g3 Bg6 28. Be1
Be8 29. Kd3 b5 30. b3 Bg6+ 31. Kd2 Kc6 32. Be2 Kb6 33. Kc1 Be8 34. a5+ Kc6 35. Bd2
Bg6 36. h4 Bf7 37. Bd3 h6 38. g4 Be8 39. f4 Kd6 40. g5 f5 41. Be2  1/2-1/2

[Event "British Chess Championships 2023: AM Tournament Open"]
[Site "De Montfort University, 20 Western Boulevard, Leicester, LE2 7BU"]
[Date "2023.07.27"]
[Round "4"]
[Board "3"]
[White "Phan, Stefanus"]
[Black "Rathbone-Jones, Ifan"]
[Result "1-0"]
[WhiteElo "2158"]
[BlackElo "2051"]
[PlyCount "0"]
[EventDate "2023.07.24"]
[EventRounds "6"]
[EventCountry "ENG"]

1. c4 e5 2. g3 f5 3. Nc3 Nf6 4. Bg2 c6 5. d4 e4 6. f3 d5 7. cxd5 cxd5 8. Nh3 Be6
9. Bg5 Nbd7 10. Nf4 Qb6 11. O-O Bf7 12. Qa4 Qc6 13. Qb3 Nb6 14. Rac1 Be7 15. Bh3
Qd7 16. Qb5 g6 17. Rfd1 Rd8 18. g4 h6 19. Bxf6 Bxf6 20. gxf5 g5 21. Ne6 Bxe6 22.
fxe6 Qxb5 23. Nxb5 exf3 24. exf3 a6 25. Nc3 h5 26. Bf5 Nc4 27. Bg6+ Ke7 28. Nxd5+
Rxd5 29. Rxc4 Kxe6 30. Be4 Rd7 31. b3 Rhd8 32. d5+ Kd6 33. Rdc1 h4 34. Bf5 Rg7 35.
Be6 Re8 36. Kg2 Ree7 37. Rb4 Rc7 38. Rb6+ Ke5 39. Re1+ Kd4 40. Bf5 Be5 41. d6 Rcd7
42. Bxd7 Rxd7 43. Rb4+ Kd5 44. Rbe4 Bxd6 45. Rd1+ Kc6 46. Rc4+ Kb6 47. Rcd4 Kc7 48.
Kh3 b5 49. Kg4 a5 50. Rxd6 Rxd6 51. Rxd6 Kxd6 52. Kxg5 Kc5 53. f4 Kb4 54. f5 Ka3
55. f6 Kxa2 56. b4 axb4 57. f7 b3 58. f8=Q b2 59. Qf7+  1-0

[Event "British Chess Championships 2023: AM Tournament Open"]
[Site "De Montfort University, 20 Western Boulevard, Leicester, LE2 7BU"]
[Date "2023.07.27"]
[Round "4"]
[Board "4"]
[White "Verma, Aditya"]
[Black "Subramanian, Anusha"]
[Result "1/2-1/2"]
[WhiteElo "2247"]
[BlackElo "2029"]
[PlyCount "0"]
[EventDate "2023.07.24"]
[EventRounds "6"]
[EventCountry "ENG"]

1. e4 e6 2. d4 d5 3. Nd2 c5 4. exd5 exd5 5. Ngf3 Nf6 6. Bb5+ Bd7 7. Be2 Nc6 8. dxc5
Bxc5 9. O-O O-O 10. Nb3 Be7 11. Bg5 Re8 12. c3 Qc7 13. h3 Rad8 14. Nfd4 h6 15. Bxf6
Bxf6 16. Bf3 Ne5 17. Re1 Ba4 18. Qd2 Nc4 19. Qc2 Bxd4 20. cxd4 Qd6 21. Qc3 b6 22.
Nd2 Nxd2 23. Qxd2 Rc8 24. Rxe8+ Bxe8 25. Rc1 Rxc1+ 26. Qxc1 Qc6 27. Qf4 Bd7 28. Kh2
a5 29. Qd2 Be6 30. g3 Qc4 31. a3 Qf1 32. Bg2 Qc4 33. f4 h5 34. Bf3 Qf1 35. Qg2 Qc4
36. Qf2 Qc8 37. Bxh5 Bxh3 38. Qe2 Be6 39. Bf3 Qc1 40. Bg2 Qc6 41. g4 Qd6 42. Kg3
g5 43. Qe3 Kf8 44. Kf3 Qxf4+ 45. Qxf4 gxf4 46. Kxf4 f6 47. g5 fxg5+ 48. Kxg5 Ke7
49. Bf3 Kd6 50. Kf6 Bd7 51. Be2 Ba4 52. Bd3 Bb3 53. Be2  1/2-1/2

[Event "British Chess Championships 2023: AM Tournament Open"]
[Site "De Montfort University, 20 Western Boulevard, Leicester, LE2 7BU"]
[Date "2023.07.27"]
[Round "4"]
[Board "5"]
[White "Sedykh, Mikhail"]
[Black "Pilley, Jack"]
[Result "1-0"]
[WhiteElo "2222"]
[BlackElo "2094"]
[PlyCount "0"]
[EventDate "2023.07.24"]
[EventRounds "6"]
[EventCountry "ENG"]

1. d4 Nf6 2. c4 e6 3. Nc3 Bb4 4. Qc2 O-O 5. Nf3 d5 6. cxd5 exd5 7. Bf4 c6 8. e3 Re8
9. Be2 Nbd7 10. a3 Bxc3+ 11. Qxc3 Ne4 12. Qc2 Nf8 13. h3 Ng6 14. Bh2 a5 15. O-O a4
16. Rab1 Qe7 17. Bd3 Bd7 18. Ne5 Nxe5 19. Bxe5 g6 20. f3 Nc5 21. Rbe1 Nxd3 22. Qxd3
f6 23. Bf4 Rad8 24. Qc2 b5 25. Qc3 Rc8 26. e4 Qf7 27. e5 fxe5 28. Bxe5 Be6 29. Rf2
Bd7 30. Rfe2 Re6 31. g4 Qf8 32. Rc2 Ree8 33. f4 Qf7 34. Rg2 Qf8 35. Rc1 Qf7 36. Rf1
Qf8 37. f5 g5 38. Qe3 h6 39. h4  1-0

[Event "British Chess Championships 2023: AM Tournament Open"]
[Site "De Montfort University, 20 Western Boulevard, Leicester, LE2 7BU"]
[Date "2023.07.27"]
[Round "4"]
[Board "6"]
[White "Raju, Sooraj Menothuparambil"]
[Black "Lee, Alexandre Km"]
[Result "0-1"]
[WhiteElo "2207"]
[BlackElo "1693"]
[PlyCount "0"]
[EventDate "2023.07.24"]
[EventRounds "6"]
[EventCountry "ENG"]

1. e4 e6 2. d4 d5 3. Nd2 Nf6 4. e5 Nfd7 5. Bd3 c5 6. c3 Nc6 7. Ne2 cxd4 8. cxd4 f6
9. Nf4 Nxd4 10. Qh5+ Ke7 11. Ng6+ hxg6 12. exf6+ Nxf6 13. Qxh8 Kf7 14. O-O e5 15.
Nb3 Ne6 16. Re1 e4 17. Be2 b6 18. Rd1 Qc7 19. Qh4 Be7 20. Bg5 Qe5 21. Bxf6 Bxf6 22.
Qg3 Qxg3 23. hxg3 Bb7 24. Rab1 Rd8 25. Bg4 d4 26. Rbc1 Be5 27. Bxe6+ Kxe6 28. Rc4
d3 29. Nd2 Rd4 30. Kf1 Rxc4 31. Nxc4 Bd4 32. f3 Ba6 33. b3 b5 34. Na3 Bc5 35. Nb1
b4 36. Ke1 e3 37. Rc1 Kd5 38. Nd2 Bd4 39. Ne4 d2+ 40. Nxd2 Bc3 41. Rxc3 bxc3  0-1

[Event "British Chess Championships 2023: AM Tournament Open"]
[Site "De Montfort University, 20 Western Boulevard, Leicester, LE2 7BU"]
[Date "2023.07.27"]
[Round "4"]
[Board "7"]
[White "Ramage, Colin R"]
[Black "Surtees, Mike J"]
[Result "0-1"]
[WhiteElo "1920"]
[BlackElo "2165"]
[PlyCount "0"]
[EventDate "2023.07.24"]
[EventRounds "6"]
[EventCountry "ENG"]

1. e4 c6 2. d4 d5 3. Nc3 a6 4. Nf3 Bg4 5. h3 Bxf3 6. Qxf3 e6 7. Bd3 Nf6 8. O-O Be7
9. e5 Nfd7 10. Qg3 g6 11. Bh6 c5 12. dxc5 Nxc5 13. Rfe1 Nc6 14. Rad1 Qb6 15. b3 Qc7
16. Bf4 Nb4 17. Bd2 Nd7 18. a3 Nxd3 19. cxd3 Bxa3 20. Nxd5 exd5 21. e6 Qxg3 22. exd7+
Kxd7 23. fxg3 Rac8 24. Re5 Rc5 25. d4 f6 26. Re2 Rc2 27. Kf2 Rb2 28. Bh6 Rxb3 29.
g4 Re8 30. Rxe8 Kxe8 31. g5 fxg5 32. Re1+ Kf7 33. Bxg5 Bd6 34. Rf1 Ke6 35. h4 a5
36. Re1+ Kd7 37. Rf1 a4 38. Ke2 a3  0-1

[Event "British Chess Championships 2023: AM Tournament Open"]
[Site "De Montfort University, 20 Western Boulevard, Leicester, LE2 7BU"]
[Date "2023.07.27"]
[Round "4"]
[Board "8"]
[White "Gordon, Sean"]
[Black "Hodge, Steve R"]
[Result "1-0"]
[WhiteElo "1999"]
[BlackElo "2035"]
[PlyCount "0"]
[EventDate "2023.07.24"]
[EventRounds "6"]
[EventCountry "ENG"]

1. Nf3 f5 2. d3 d6 3. e4 e5 4. Nc3 c5 5. Be2 Nc6 6. Nd5 Be7 7. h4 Nf6 8. c3 fxe4
9. Nxf6+ Bxf6 10. dxe4 Be6 11. Bg5 Qc7 12. Qa4 Qa5 13. Qxa5 Nxa5 14. O-O-O O-O-O
15. b3 a6 16. Rd2 Kc7 17. Rhd1 Rd7 18. Kb2 Rhd8 19. Be3 h6 20. g3 Nc6 21. Ne1 Rb8
22. Nc2 b5 23. b4 c4 24. f3 Ne7 25. Bg1 Nc8 26. Ne3 Ne7 27. a4 Rdd8 28. a5 Rd7 29.
Nc2 Kc6 30. Ne3 Kc7 31. Bf1 Rf8 32. Bg2 Rg8 33. f4 g5 34. f5 Bf7 35. Ng4 Bh8 36.
Nxh6 Rg7 37. f6 Rh7 38. Nxf7 Bxf6 39. Nxd6  1-0

[Event "British Chess Championships 2023: AM Tournament Open"]
[Site "De Montfort University, 20 Western Boulevard, Leicester, LE2 7BU"]
[Date "2023.07.27"]
[Round "4"]
[Board "9"]
[White "James, Russell A"]
[Black "Freeman, Ashley"]
[Result "0-1"]
[WhiteElo "2096"]
[BlackElo "1971"]
[PlyCount "0"]
[EventDate "2023.07.24"]
[EventRounds "6"]
[EventCountry "ENG"]

1. e4 e5 2. Nf3 Nc6 3. Nc3 Nf6 4. Bb5 Nd4 5. O-O c6 6. Bd3 Nxf3+ 7. Qxf3 d6 8. Be2
g6 9. d3 Bg7 10. Qg3 O-O 11. Kh1 b5 12. f4 Qc7 13. f5 b4 14. Nd1 d5 15. Qh4 Qd6 16.
a3 c5 17. axb4 cxb4 18. fxg6 fxg6 19. exd5 Bb7 20. Ne3 Nxd5 21. Nc4 Rxf1+ 22. Bxf1
Rf8 23. Bd2 Qc5 24. Be2 Nf4 25. Bf3 Bxf3 26. gxf3 Qd5 27. Rf1 a5 28. Be3 b3 29. Nb6
Qc6 30. cxb3 Qc2 31. Bxf4 Qxd3 32. Qf2 Rxf4 33. Kg2 e4 34. Qc5 exf3+ 35. Kg3 Qxf1
36. Kxf4 Bh6+ 37. Ke5 Qe2+ 38. Kd5 Bf8 39. Qc3 f2 40. Nd7 f1=Q 41. Nf6+ Kf7 42. Qc7+
Kxf6  0-1

[Event "British Chess Championships 2023: AM Tournament Open"]
[Site "De Montfort University, 20 Western Boulevard, Leicester, LE2 7BU"]
[Date "2023.07.27"]
[Round "4"]
[Board "10"]
[White "Santhosh, Abhyuday"]
[Black "Collinson, Mark I"]
[Result "1/2-1/2"]
[WhiteElo "1797"]
[BlackElo "2034"]
[PlyCount "0"]
[EventDate "2023.07.24"]
[EventRounds "6"]
[EventCountry "ENG"]

1. e4 c5 2. Nf3 d6 3. d4 cxd4 4. Nxd4 Nf6 5. Nc3 g6 6. Be3 Nc6 7. f3 Bd7 8. Qd2 h5
9. h4 Bg7 10. Be2 Rc8 11. O-O-O Nxd4 12. Bxd4 Bh6 13. Be3 Bxe3 14. Qxe3 a6 15. Qd4
Qc7 16. Rd2 Qc5 17. Rg1 b5 18. Nd5 Qxd4 19. Rxd4 Nxd5 20. exd5 O-O 21. g4 hxg4 22.
fxg4 Kg7 23. g5 Bf5 24. c3 Rh8 25. Kd2 Rb8 26. Rf1 a5 27. h5 Rhc8 28. h6+ Kg8 29.
Bd3 e5 30. dxe6 Bxe6 31. Rxd6 Rc5 32. Bxg6 Rxg5 33. Be4 Bxa2 34. Ra1 Bc4 35. Rxa5
Re8 36. Ra8 Rxa8 37. Bxa8 Re5 38. Bf3 Kh7 39. Rf6 Re6 40. Rxf7+ Kxh6 41. Rf4 Kg5
42. Re4 Rd6+ 43. Kc1 Kf5 44. Re8 Rh6 45. Re1 Rh2 46. Be4+ Ke5 47. Bd3+ Kd5 48. Bxc4+
Kxc4 49. Re4+ Kc5 50. Kb1 Rg2 51. Ka2 Rg5 52. Kb3 Rh5 53. Re8 Rh4 54. Rc8+ Kb6 55.
Rd8 Kc5 56. Rd4 Rh5 57. Rg4 Rh1 58. Rg5+ Kb6 59. Rd5 Rh2 60. Ka3 Rc2 61. Rd4 Kc6
62. Rh4 Kc5 63. b4+ Kc6 64. Rh6+ Kb7 65. Kb3 Rg2 66. Rf6 Rh2 67. Rf1 Kb6 68. Rf6+
Kb7 69. Rf3 Kb6 70. c4 bxc4+ 71. Kxc4 Rc2+ 72. Kb3 Rc1 73. Rf6+ Kb5 74. Rf5+ Kb6
75. Rf3 Kb5 76. Rf5+ Kb6  1/2-1/2

[Event "British Chess Championships 2023: AM Tournament Open"]
[Site "De Montfort University, 20 Western Boulevard, Leicester, LE2 7BU"]
[Date "2023.07.27"]
[Round "4"]
[Board "11"]
[White "Kothari, Jai"]
[Black "Verbytski, Oleg"]
[Result "0-1"]
[WhiteElo "2027"]
[BlackElo "1886"]
[PlyCount "0"]
[EventDate "2023.07.24"]
[EventRounds "6"]
[EventCountry "ENG"]

1. e4 c5 2. Nf3 d6 3. Bb5+ Bd7 4. Bxd7+ Qxd7 5. O-O e6 6. c3 Be7 7. d4 cxd4 8. cxd4
Nf6 9. Nc3 a6 10. Qe2 O-O 11. Rd1 d5 12. e5 Ne8 13. Ne1 g6 14. f4 Ng7 15. Kh1 h5
16. g4 hxg4 17. Qxg4 Nf5 18. Nf3 Kg7 19. Ne2 Rh8 20. Ng3 Nxg3+ 21. Qxg3 Nc6 22. Rg1
Rh5 23. Bd2 Rah8 24. Bc3 Bd8 25. Qf2 Ne7 26. Rg4 Nf5 27. Rag1 Qb5 28. R4g2 Qd3 29.
Ne1 Qh3 30. Nf3 Bh4 31. Nxh4 Rxh4 32. Re1 Qd3 33. Kg1 Rh3 34. Qd2 Nh4  0-1

[Event "British Chess Championships 2023: AM Tournament Open"]
[Site "De Montfort University, 20 Western Boulevard, Leicester, LE2 7BU"]
[Date "2023.07.27"]
[Round "4"]
[Board "12"]
[White "Patel, Zain"]
[Black "Rubeck, Jonathan"]
[Result "1-0"]
[WhiteElo "1910"]
[BlackElo "1949"]
[PlyCount "0"]
[EventDate "2023.07.24"]
[EventRounds "6"]
[EventCountry "ENG"]

1. Nf3 Nf6 2. g3 g6 3. b3 Bg7 4. Bb2 O-O 5. Bg2 d6 6. d4 c5 7. c4 cxd4 8. Nxd4 Qb6
9. O-O Nc6 10. Nf3 Bg4 11. Nc3 Ne5 12. h3 Nxf3+ 13. exf3 Be6 14. Re1 Rae8 15. Rc1
Bh6 16. f4 Bd7 17. Nd5 Nxd5 18. cxd5 Bg7 19. Bxg7 Kxg7 20. Qc2 Bf5 21. Qc7 Qa6 22.
g4 Qa3 23. Qc3+ f6 24. gxf5 gxf5 25. b4 Qa4 26. Qb3 Qa6 27. Rc7 Rf7 28. Qc2 Qb6 29.
Rc4 Rg8 30. a3 Qa6 31. Re3 Kh6 32. Rcc3 Qb6 33. Rg3 Rfg7 34. Rxg7 Rxg7 35. Qd3 a5
36. b5 a4 37. Qxf5 Qd4 38. Qd3 Qb6 39. Qc4 Qa7 40. Qb4 f5 41. b6 Qa8 42. Rg3 Rf7
43. Qe1 Qc8 44. Qe6+  1-0